000 00815cam a2200253 a 4500
001 45808
003 BD-RjUL
005 20211209054054.0
008 16 t19671961enk b 001 0 eng d
035 _a(BD-RjUL)45926
040 _aNjR-L
_cNjR-L
_dMBU-L
_dBD-RjUL
_beng
041 _aeng
082 0 4 _216
_a340.1
_bHAC 1967
100 1 _aHart, H. L. A.
_q(Herbert Lionel Adolphus),
_d1907-1992.
_911432
245 1 4 _aThe concept of law /
_cby H.L.A. Hart.
260 _aOxford :
_bOxford University Press,
_cc1961 [Reprinted 1967].
300 _ax, 262 p. ;
_c23 cm.
500 _aSeries statement from jacket.
504 _aIncludes bibliographical references and index.
650 0 _aJurisprudence.
_97060
650 0 _aLaw
_xPhilosophy.
_911434
942 _2ddc
_cBK
999 _c45808
_d45808